[Event "Titled Tue 3rd Jun Early"]
[Site "chess.com INT"]
[Date "2025.06.03"]
[Round "8"]
[White "Tikhonov, Viacheslav"]
[Black "Oleksiyenko, Mykhaylo"]
[Result "0-1"]
[WhiteTitle "CM"]
[BlackTitle "GM"]
[WhiteElo "2183"]
[BlackElo "2569"]
[WhiteFideId "44196407"]
[BlackFideId "4152417"]
[EventDate "2025.06.03"]

1. e4 c5 2. Nf3 e6 3. b3 a6 4. Bb2 Nc6 5. g3 d5 6. exd5 exd5 7. Qe2+ Qe7 8.
Qxe7+ Ngxe7 9. Bg2 f6 10. O-O Bf5 11. d4 cxd4 12. Nxd4 Nxd4 13. Bxd4 Nc6 14. Bb2
O-O-O 15. Rd1 d4 16. Bxc6 bxc6 17. Rxd4 Bc5 18. Rd2 Rhe8 19. Rxd8+ Rxd8 20. Nc3
Rd2 21. Rf1 Rxc2 22. Ba1 Bh3 23. Rd1 Bxf2+ 24. Kh1 Bc5 0-1

[Event "Titled Tue 3rd Jun Early"]
[Site "chess.com INT"]
[Date "2025.06.03"]
[Round "8"]
[White "Deng, Henry"]
[Black "Rustemov, Alexander"]
[Result "0-1"]
[WhiteTitle "FM"]
[BlackTitle "GM"]
[WhiteElo "2327"]
[BlackElo "2525"]
[WhiteFideId "30965454"]
[BlackFideId "4119002"]
[EventDate "2025.06.03"]

1. e4 e6 2. d4 d5 3. Nd2 dxe4 4. Nxe4 Bd7 5. c3 Bc6 6. Bd3 Nd7 7. Nf3 Ngf6 8.
Qe2 Be7 9. O-O Nxe4 10. Bxe4 Bxe4 11. Qxe4 c6 12. Re1 O-O 13. Qc2 Qc7 14. h3
Rad8 15. Re4 Nf6 16. Bf4 Bd6 17. Bxd6 Rxd6 18. Re5 Rfd8 19. Rae1 h6 20. Nd2 Rd5
21. Rxd5 cxd5 22. a4 b6 23. Qd3 Rc8 24. Ra1 Qb7 25. Nf3 Ne4 26. Nd2 Nd6 27. a5
bxa5 28. Ra2 Qb6 29. Qc2 Qb5 30. Qa4 Qe2 31. Qd7 Qxd2 32. Qxd6 Qe1+ 33. Kh2 Qxf2
34. Rxa5 Qxb2 35. Rc5 Qb8 36. Rxc8+ Qxc8 37. Qe7 Qa8 38. g4 a5 39. g5 Qb8+ 40.
Kg2 Qb2+ 41. Kf1 Qc1+ 42. Ke2 Qc2+ 43. Kf1 Qf5+ 44. Ke2 hxg5 45. Qd8+ Kh7 46.
Qxa5 Qxh3 47. Qc7 Kg6 48. c4 Qg4+ 49. Kf1 Qf3+ 50. Kg1 Qd1+ 51. Kf2 Qc2+ 0-1

[Event "Titled Tue 3rd Jun Early"]
[Site "chess.com INT"]
[Date "2025.06.03"]
[Round "8"]
[White "Hobaica, Juan Pablo"]
[Black "Levitan, Judah Nathan"]
[Result "1-0"]
[WhiteTitle "IM"]
[BlackTitle "CM"]
[WhiteElo "2412"]
[BlackElo "2127"]
[WhiteFideId "104159"]
[BlackFideId "14332639"]
[EventDate "2025.06.03"]

1. e4 c5 2. Nc3 Nc6 3. g3 g6 4. Bg2 Bg7 5. d3 e6 6. Nge2 Nge7 7. O-O O-O 8. f4
d5 9. Bd2 b6 10. h3 Bb7 11. g4 Nd4 12. Ng3 Qc7 13. Rb1 b5 14. Nce2 a6 15. c3
Nxe2+ 16. Qxe2 d4 17. cxd4 Bxd4+ 18. Kh2 Rfd8 19. e5 Bxg2 20. Kxg2 Nd5 21. Ne4
Kg7 22. Rf3 Rac8 23. b3 a5 24. Rbf1 a4 25. f5 Bxe5 26. fxe6 f6 27. Nxf6 Bxf6 28.
g5 Rf8 29. gxf6+ Nxf6 30. Bc3 Qa5 31. Bxa5 1-0

[Event "Titled Tue 3rd Jun Early"]
[Site "chess.com INT"]
[Date "2025.06.03"]
[Round "8"]
[White "Daspres, Loic"]
[Black "Venkatesh, Narayan"]
[Result "1-0"]
[WhiteTitle "CM"]
[BlackTitle "FM"]
[WhiteElo "2207"]
[BlackElo "2168"]
[WhiteFideId "20612281"]
[BlackFideId "30987881"]
[EventDate "2025.06.03"]

1. e4 e6 2. d4 d5 3. Nd2 c5 4. exd5 Qxd5 5. Ngf3 cxd4 6. Bc4 Qd6 7. O-O Nf6 8.
Nb3 Nc6 9. Nbxd4 Nxd4 10. Qxd4 Qxd4 11. Nxd4 Bc5 12. Nb3 Bb6 13. Be2 Bd7 14. Bf3
Rc8 15. c3 Bc6 16. Bxc6+ Rxc6 17. a4 O-O 18. a5 Bc7 19. Be3 a6 20. Ra4 Rd8 21.
Nd4 Rc5 22. Nxe6 Rh5 23. Nxc7 Rc8 24. Bb6 Re5 25. f3 Re7 26. Rd1 Re5 27. Bd4 Re2
28. Bxf6 gxf6 29. Rd7 Rxb2 30. Rg4+ Kh8 31. Nd5 Re8 32. h3 f5 33. Rg5 h6 34.
Rxf5 Re1+ 35. Kh2 Ree2 36. Nf4 Rec2 37. Rfxf7 b5 38. Rd8# 1-0

[Event "Titled Tue 3rd Jun Early"]
[Site "chess.com INT"]
[Date "2025.06.03"]
[Round "8"]
[White "Lazaro Azcutia, Miguel"]
[Black "Kravtsiv, Martyn"]
[Result "0-1"]
[WhiteTitle "CM"]
[BlackTitle "GM"]
[WhiteElo "2275"]
[BlackElo "2598"]
[WhiteFideId "54538254"]
[BlackFideId "14113147"]
[EventDate "2025.06.03"]

1. e4 b6 2. d4 Bb7 3. Bd3 g6 4. Nf3 Bg7 5. O-O e6 6. Qe2 Ne7 7. Nbd2 O-O 8. c3
d6 9. e5 Nd7 10. Bc2 a5 11. Re1 Ba6 12. Qe4 Nf5 13. g4 d5 14. Qf4 Bh6 15. g5 Bg7
16. h4 c5 17. h5 Rc8 18. h6 Bh8 19. Bb1 Qc7 20. Nf1 Rfe8 21. Ng3 b5 22. a3 a4
23. Bd3 Nb6 24. Nh2 Qb7 25. Ng4 cxd4 26. cxd4 b4 27. Bxf5 exf5 28. Nf6+ Bxf6 29.
gxf6 Bd3 30. axb4 Rc2 31. Bd2 Na8 32. Bc3 Nc7 33. Rac1 Ne6 34. Rxc2 Nxf4 35. Rd2
a3 36. bxa3 Qc8 37. Bb2 Qc4 38. Kh2 Be4 39. f3 Bxf3 40. Rf2 Nd3 41. Rxf3 Nxe1
42. Rf2 Nd3 43. Rg2 Nxb2 44. Nxf5 Kf8 45. Ng7 Qxd4 0-1

[Event "Titled Tue 3rd Jun Early"]
[Site "chess.com INT"]
[Date "2025.06.03"]
[Round "8"]
[White "Emujin Enkh-Amgalan"]
[Black "Grot, Blazej"]
[Result "0-1"]
[WhiteTitle "WCM"]
[BlackTitle "CM"]
[WhiteElo "1917"]
[BlackElo "2217"]
[WhiteFideId "4908023"]
[BlackFideId "21835845"]
[EventDate "2025.06.03"]

1. d4 Nf6 2. c4 e6 3. Nf3 d5 4. Nc3 Be7 5. Bf4 O-O 6. e3 c5 7. dxc5 Bxc5 8. cxd5
exd5 9. Be2 Nc6 10. O-O h6 11. Rc1 Bb6 12. Nb5 Bg4 13. h3 Bh5 14. Ne5 Bxe2 15.
Qxe2 Rc8 16. Ng4 Ne4 17. Rcd1 f5 18. Ne5 Rf6 19. Kh2 a6 20. Nxc6 bxc6 21. Nd4
Bc7 22. Qxa6 Bxf4+ 23. exf4 c5 24. Ne6 Qd7 25. Rxd5 Qxe6 26. Qb7 Rf7 27. Re5
Rxb7 28. Rxe6 Rxb2 0-1

[Event "Titled Tue 3rd Jun Early"]
[Site "chess.com INT"]
[Date "2025.06.03"]
[Round "8"]
[White "Madi, Aidana"]
[Black "Safin Safarullakhan"]
[Result "1/2-1/2"]
[WhiteTitle "WFM"]
[BlackTitle "CM"]
[WhiteElo "1855"]
[BlackElo "2109"]
[WhiteFideId "13722689"]
[BlackFideId "33379475"]
[EventDate "2025.06.03"]

1. e4 c5 2. d4 cxd4 3. c3 dxc3 4. Nxc3 Nc6 5. Nf3 d6 6. Bc4 a6 7. O-O Nf6 8. Qe2
Bg4 9. e5 Bxf3 10. Qxf3 Nxe5 11. Qxb7 Nxc4 12. Qc6+ Nd7 13. Qxc4 e6 14. Rd1 Be7
15. Bf4 d5 16. Nxd5 exd5 17. Qxd5 Ra7 18. Be3 Rc7 19. Bf4 Ra7 20. Be3 Rc7 21.
Bf4 Ra7 1/2-1/2

[Event "Titled Tue 3rd Jun Early"]
[Site "chess.com INT"]
[Date "2025.06.03"]
[Round "8"]
[White "Masague Artero, Guerau"]
[Black "Noy, Eyal"]
[Result "1-0"]
[WhiteTitle "FM"]
[BlackTitle "FM"]
[WhiteElo "2326"]
[BlackElo "2346"]
[WhiteFideId "32098952"]
[BlackFideId "2821117"]
[EventDate "2025.06.03"]

1. f4 Nh6 2. Nf3 d5 3. g3 g6 4. d3 Bg7 5. Bg2 O-O 6. e4 dxe4 7. dxe4 Qxd1+ 8.
Kxd1 Nc6 9. c3 e5 10. Re1 exf4 11. Bxf4 Bg4 12. Bxc7 Rac8 13. Bf4 Rfd8+ 14. Nd2
f5 15. e5 Nf7 16. e6 Nfe5 17. Bxe5 Nxe5 18. Kc2 Nd3 19. Re3 Nb4+ 20. Kb3 Nd5 21.
Re2 f4 22. h3 Bxf3 23. Bxf3 Rd6 24. Nc4 Rxc4 25. Kxc4 Ne3+ 26. Kc5 Bf8 27. Rxe3
fxe3 28. Kc4 Rxe6 29. Bd5 Kf7 30. Re1 Bh6 31. Kd4 Kf6 32. Bxe6 Kxe6 33. b4 1-0

[Event "Titled Tue 3rd Jun Early"]
[Site "chess.com INT"]
[Date "2025.06.03"]
[Round "8"]
[White "Dovgaliuk, Oleksandr"]
[Black "Kshatriya, Nitin Vekhande"]
[Result "0-1"]
[BlackTitle "FM"]
[WhiteElo "2240"]
[BlackElo "2255"]
[WhiteFideId "14167247"]
[BlackFideId "45075530"]
[EventDate "2025.06.03"]

1. e4 c5 2. Nf3 d6 3. d4 cxd4 4. Nxd4 Nf6 5. Nc3 g6 6. Be3 Bg7 7. f3 O-O 8. Qd2
Nc6 9. O-O-O d5 10. Kb1 Nxd4 11. e5 Nf5 12. exf6 exf6 13. Bc5 d4 14. Bxf8 Qxf8
15. Nb5 Ne3 16. Re1 f5 17. Nxd4 f4 18. Rxe3 fxe3 19. Qxe3 Bf5 20. Nxf5 Re8 21.
Qd2 Rd8 22. Bd3 gxf5 23. Qf4 Rd5 24. Re1 Qc8 25. Bc4 Rd4 26. Bxf7+ Kxf7 27. Qg5
Qd7 28. Qh5+ Kf8 29. c3 Rd1+ 0-1

[Event "Titled Tue 3rd Jun Early"]
[Site "chess.com INT"]
[Date "2025.06.03"]
[Round "8"]
[White "Galchenko, Matvey"]
[Black "Goryachkina, Aleksandra"]
[Result "1-0"]
[WhiteTitle "IM"]
[BlackTitle "GM"]
[WhiteElo "2442"]
[BlackElo "2544"]
[WhiteFideId "24175480"]
[BlackFideId "4147103"]
[EventDate "2025.06.03"]

1. b3 Nf6 2. Bb2 g6 3. Nf3 Bg7 4. e3 O-O 5. d4 b6 6. Be2 Bb7 7. O-O c5 8. c4
cxd4 9. Nxd4 d6 10. Nc3 Nbd7 11. Bf3 Bxf3 12. Qxf3 Ne5 13. Qe2 Rc8 14. Rac1 Nc6
15. Nf3 Qd7 16. Rfd1 Qb7 17. h3 Nb4 18. e4 Nd7 19. Nd5 Nxd5 20. exd5 Bxb2 21.
Qxb2 b5 22. Qe2 bxc4 23. bxc4 Nf6 24. Nd4 Rc5 25. Nc6 e5 26. Qe3 Kg7 27. Qa3 Qc7
28. Rb1 Rxc4 29. Qa6 Nxd5 30. Qxc4 Nf4 31. Nxe5 1-0

[Event "Titled Tue 3rd Jun Early"]
[Site "chess.com INT"]
[Date "2025.06.03"]
[Round "8"]
[White "Putnam, Liam"]
[Black "Rosen, Eric"]
[Result "0-1"]
[WhiteTitle "IM"]
[BlackTitle "IM"]
[WhiteElo "2443"]
[BlackElo "2377"]
[WhiteFideId "30938279"]
[BlackFideId "2032562"]
[EventDate "2025.06.03"]

1. e4 c5 2. Nf3 Nc6 3. Bb5 d6 4. O-O Bd7 5. Re1 a6 6. Bf1 Bg4 7. c3 e6 8. d4
Bxf3 9. gxf3 Qh4 10. f4 Nf6 11. h3 cxd4 12. cxd4 d5 13. e5 Ne4 14. Be3 g5 15.
fxg5 Nxg5 16. Kh2 Nxd4 17. Bxg5 Qxf2+ 18. Bg2 Rg8 19. Rf1 Qxb2 20. Qh5 Nf5 21.
Rxf5 exf5 22. Nd2 Qxe5+ 23. Kg1 Qxa1+ 24. Kf2 Bc5+ 25. Ke2 Qe5+ 26. Kf1 Qd4 27.
Qe2+ Kd7 28. Nf3 Qa1+ 29. Ne1 Rxg5 30. Qf3 Qd4 0-1

[Event "Titled Tue 3rd Jun Early"]
[Site "chess.com INT"]
[Date "2025.06.03"]
[Round "8"]
[White "Vidal Melendez, Ismael David"]
[Black "Momunaliev, Ruslan"]
[Result "1-0"]
[WhiteTitle "FM"]
[BlackTitle "CM"]
[WhiteElo "2294"]
[BlackElo "2213"]
[WhiteFideId "3901718"]
[BlackFideId "13812211"]
[EventDate "2025.06.03"]

1. d4 d5 2. c4 c6 3. Nc3 Nf6 4. Nf3 e6 5. Bg5 Qa5 6. Nd2 Ne4 7. Ncxe4 dxe4 8.
Bf4 c5 9. dxc5 Bxc5 10. e3 Qb6 11. Nxe4 Qxb2 12. Bd3 Bb4+ 13. Kf1 O-O 14. Rb1
Qa3 15. Rb3 Qa5 16. Nf6+ gxf6 17. Qg4+ Kh8 18. Qh4 f5 19. Qf6+ Kg8 20. Bh6 1-0

[Event "Titled Tue 3rd Jun Early"]
[Site "chess.com INT"]
[Date "2025.06.03"]
[Round "8"]
[White "Triapishko, Alexandr"]
[Black "Jumabayev, Rinat"]
[Result "1-0"]
[WhiteTitle "IM"]
[BlackTitle "GM"]
[WhiteElo "2459"]
[BlackElo "2551"]
[WhiteFideId "14122286"]
[BlackFideId "13702661"]
[EventDate "2025.06.03"]

1. e4 e6 2. d4 d5 3. e5 c5 4. c3 Nc6 5. Nf3 Bd7 6. Bd3 cxd4 7. cxd4 Qb6 8. Bc2
Nb4 9. O-O Nxc2 10. Qxc2 Rc8 11. Nc3 Ne7 12. Be3 Nf5 13. a3 Be7 14. Qd2 Nxe3 15.
fxe3 O-O 16. Rf2 Qa5 17. h4 h6 18. g4 f6 19. exf6 Bxf6 20. g5 hxg5 21. hxg5 Be7
22. Ne5 Qd8 23. Raf1 Rxf2 24. Qxf2 Bxg5 25. Qf7+ Kh8 26. Qh5+ Kg8 27. Nf7 Bxe3+
28. Kg2 Qf6 29. Rxf6 gxf6 30. Qg6+ 1-0

[Event "Titled Tue 3rd Jun Early"]
[Site "chess.com INT"]
[Date "2025.06.03"]
[Round "8"]
[White "Karimova, Guldona"]
[Black "Chiang, Jacob"]
[Result "0-1"]
[WhiteTitle "WIM"]
[WhiteElo "2265"]
[BlackElo "2006"]
[WhiteFideId "14210410"]
[BlackFideId "30962331"]
[EventDate "2025.06.03"]

1. d4 c5 2. d5 Nf6 3. c4 g6 4. Nc3 Bg7 5. g3 O-O 6. Bg2 d6 7. Nf3 e6 8. O-O exd5
9. cxd5 Re8 10. Re1 a6 11. a4 Bf5 12. Nh4 Bd7 13. e4 c4 14. a5 Ng4 15. Nf3 Bb5
16. h3 Ne5 17. Nxe5 dxe5 18. Be3 Nd7 19. b4 Bf8 20. Nxb5 axb5 21. Bd2 b6 22. a6
Qc8 23. Bc3 Rxa6 24. Qg4 Ra4 25. Bf1 h5 26. Qf3 Qc7 27. Rxa4 bxa4 28. Ra1 b5 29.
Qe3 Qb6 30. Qxb6 Nxb6 31. f3 Nc8 32. Ra3 Nd6 33. Kf2 f6 34. Ke3 Bh6+ 35. Ke2 Kf7
36. Bg2 h4 37. g4 Bc1 38. Ra1 Bf4 39. Ra2 Ra8 40. Ra3 Bg3 0-1

[Event "Titled Tue 3rd Jun Early"]
[Site "chess.com INT"]
[Date "2025.06.03"]
[Round "8"]
[White "Shafer, Logan C"]
[Black "Nakonechnyi, Oleksii"]
[Result "1-0"]
[WhiteTitle "CM"]
[BlackTitle "CM"]
[WhiteElo "2291"]
[BlackElo "2224"]
[WhiteFideId "30993342"]
[BlackFideId "34173714"]
[EventDate "2025.06.03"]

1. e4 c5 2. Nf3 d6 3. d4 cxd4 4. Nxd4 Nf6 5. Nc3 a6 6. Be2 e6 7. Be3 Be7 8. O-O
O-O 9. f4 b5 10. Qd3 Bb7 11. Bf3 Nbd7 12. Qe2 Qc7 13. Rfd1 Rac8 14. a3 Nb6 15.
g4 Nc4 16. Bc1 Nd7 17. Qf2 Nc5 18. b3 Nb6 19. Bb2 Bf6 20. g5 Be7 21. h4 f6 22.
b4 Nca4 23. Nxa4 Nxa4 24. Nxe6 Qc4 25. Nxf8 Rxf8 26. Bd4 fxg5 27. f5 gxh4 28.
Qg2 Rf7 29. Bh5 Rf6 30. Bxf6 Bxf6 31. Rxd6 Bxe4 32. Re1 Nc3 33. Qd2 Qc7 34. Rxe4
Nxe4 35. Qd5+ Kf8 36. Qa8+ Ke7 37. Re6+ 1-0

[Event "Titled Tue 3rd Jun Early"]
[Site "chess.com INT"]
[Date "2025.06.03"]
[Round "8"]
[White "Dominguez, Ramiro"]
[Black "King, Alexander"]
[Result "0-1"]
[WhiteTitle "FM"]
[BlackTitle "FM"]
[WhiteElo "2185"]
[BlackElo "2263"]
[WhiteFideId "4420055"]
[BlackFideId "2063620"]
[EventDate "2025.06.03"]

1. e4 e6 2. d4 d5 3. Nd2 c5 4. Ngf3 Nc6 5. Bb5 a6 6. exd5 Qxd5 7. Bc4 Qd7 8.
dxc5 Bxc5 9. O-O Nf6 10. Qe2 b5 11. Bb3 Bb7 12. c3 O-O 13. Bc2 Rfd8 14. Ne4 Be7
15. Nfg5 h6 16. Nxf6+ Bxf6 17. Ne4 Be7 18. Bf4 e5 19. Be3 Rac8 20. Bb6 Re8 21.
Rad1 Qe6 22. Bb3 Qg6 23. Rd7 Nd4 24. cxd4 Bxe4 25. f3 Bd3 26. Qxe5 Bxf1 27. Rxe7
Qxg2# 0-1

[Event "Titled Tue 3rd Jun Early"]
[Site "chess.com INT"]
[Date "2025.06.03"]
[Round "8"]
[White "Krishna, C R G"]
[Black "Tleukhanov, Yerlan"]
[Result "1-0"]
[WhiteTitle "IM"]
[BlackTitle "FM"]
[WhiteElo "2453"]
[BlackElo "2169"]
[WhiteFideId "5018625"]
[BlackFideId "13749692"]
[EventDate "2025.06.03"]

1. e4 d6 2. d4 Nf6 3. Nc3 e5 4. Nge2 Nc6 5. h3 g6 6. g3 Bg7 7. Be3 O-O 8. Bg2
exd4 9. Nxd4 Bd7 10. O-O Re8 11. Re1 Ne5 12. b3 Qc8 13. g4 h5 14. f4 Nexg4 15.
hxg4 Nxg4 16. Qd2 Qd8 17. Nf3 Nxe3 18. Rxe3 Qf6 19. Rf1 c6 20. Rd3 Bg4 21. e5
dxe5 22. Nxe5 Bf5 23. Rd6 Qe7 24. Re1 Rad8 25. Rxd8 Rxd8 26. Qe3 Bh6 27. Ne4 Qb4
28. c3 Qa3 29. Ng5 f6 30. Nef7 fxg5 31. Nxh6+ Kh7 32. fxg5 Rd7 33. Qe8 Qc5+ 34.
Kh1 Rg7 35. Nf7 Rxf7 36. Qxf7+ 1-0

[Event "Titled Tue 3rd Jun Early"]
[Site "chess.com INT"]
[Date "2025.06.03"]
[Round "8"]
[White "Arabidze, Meri"]
[Black "Yezhel, Valiantsin"]
[Result "0-1"]
[WhiteTitle "IM"]
[BlackTitle "FM"]
[WhiteElo "2440"]
[BlackElo "2232"]
[WhiteFideId "13604040"]
[BlackFideId "13504983"]
[EventDate "2025.06.03"]

1. b3 Nf6 2. Bb2 g6 3. g3 Bg7 4. Bg2 O-O 5. Nf3 d5 6. c4 c6 7. O-O Nbd7 8. Nc3
Re8 9. Rc1 e5 10. cxd5 Nxd5 11. Na4 e4 12. Nd4 N7b6 13. e3 Nxa4 14. bxa4 h5 15.
Ba3 h4 16. Qc2 hxg3 17. hxg3 f5 18. d3 Bxd4 19. exd4 e3 20. Rfe1 Qg5 21. Bd6 Be6
22. Be5 f4 23. Qe2 Bg4 24. Bxd5+ cxd5 25. f3 Rxe5 26. dxe5 Bh3 27. g4 Kf7 28.
Rc7+ Ke6 29. d4 Qh4 30. Qh2 Qxe1# 0-1

[Event "Titled Tue 3rd Jun Early"]
[Site "chess.com INT"]
[Date "2025.06.03"]
[Round "8"]
[White "Dogan, Umut Anil"]
[Black "Loskutova, Viktoriya"]
[Result "1-0"]
[WhiteTitle "CM"]
[BlackTitle "WFM"]
[WhiteElo "2123"]
[BlackElo "2066"]
[WhiteFideId "51618060"]
[BlackFideId "34166278"]
[EventDate "2025.06.03"]

1. d4 Nf6 2. Nf3 g6 3. g3 Bg7 4. Bg2 O-O 5. O-O d6 6. c4 c5 7. Nc3 Nc6 8. Be3
Ng4 9. d5 Nxe3 10. fxe3 Ne5 11. Nxe5 Bxe5 12. Qd3 a6 13. Rab1 Qa5 14. a3 b5 15.
cxb5 axb5 16. b4 Qxa3 17. Nxb5 Qxd3 18. exd3 cxb4 19. d4 Bg7 20. Rxb4 Bd7 21.
Nc7 Ra3 22. Re1 Rc8 23. Rb7 h5 24. Bf1 Bh6 25. Kf2 Rc3 26. Na6 Bg4 27. Nb4 Kf8
28. h3 Bf5 29. e4 Ra8 30. exf5 1-0

[Event "Titled Tue 3rd Jun Early"]
[Site "chess.com INT"]
[Date "2025.06.03"]
[Round "8"]
[White "Skiadopoulos, Nikolaos"]
[Black "Shapiro, Daniel"]
[Result "0-1"]
[WhiteTitle "CM"]
[BlackTitle "FM"]
[WhiteElo "1882"]
[BlackElo "2284"]
[WhiteFideId "4200772"]
[BlackFideId "2001780"]
[EventDate "2025.06.03"]

1. e4 c5 2. Nf3 Nc6 3. Bb5 Nf6 4. O-O Nxe4 5. Re1 Nf6 6. Bxc6 dxc6 7. d3 e6 8.
Bg5 Be7 9. Nc3 O-O 10. Qd2 Nd5 11. Bxe7 Qxe7 12. Ne4 b6 13. c4 Nf6 14. Ng3 Rd8
15. Rad1 a5 16. Qg5 Qf8 17. d4 cxd4 18. Rxd4 Ba6 19. Red1 Bxc4 20. b3 Rxd4 21.
Rxd4 Bd5 22. Ne5 h6 23. Qe3 Qc5 24. h4 a4 25. b4 Qc2 26. Ng4 Nxg4 27. Rxg4 Qd1+
28. Kh2 Qxg4 0-1

[Event "Titled Tue 3rd Jun Early"]
[Site "chess.com INT"]
[Date "2025.06.03"]
[Round "8"]
[White "Haussernot, Cecile"]
[Black "Mayta Aiza, Maveric"]
[Result "1/2-1/2"]
[WhiteTitle "WIM"]
[BlackTitle "CM"]
[WhiteElo "2108"]
[BlackElo "2184"]
[WhiteFideId "601632"]
[BlackFideId "3307336"]
[EventDate "2025.06.03"]

1. e4 c5 2. Nf3 Nc6 3. Nc3 g6 4. d4 cxd4 5. Nxd4 Bg7 6. Be3 d6 7. Qd2 Nf6 8. f3
Bd7 9. O-O-O a6 10. Bh6 O-O 11. Bxg7 Kxg7 12. h4 h5 13. Be2 b5 14. g4 Qb6 15.
gxh5 Nxd4 16. Qxd4 Qxd4 17. Rxd4 Nxh5 18. Nd5 Rae8 19. Rg1 Bc6 20. f4 Rh8 21. f5
Bxd5 22. exd5 Nf6 23. fxg6 fxg6 24. h5 Nxh5 25. Rdg4 Rh6 26. Bd3 Nf6 27. Rg5 Rg8
28. Bxg6 Kf8 29. b3 Nxd5 30. Kb2 Nf6 31. Ka3 Rh4 32. Kb2 e6 33. Rf1 Ke7 34. Rfg1
d5 35. Bd3 Rxg5 36. Rxg5 Kd6 37. Rg7 Nd7 38. Rg8 Nc5 39. Bg6 Ke5 40. Rc8 Kd6 41.
Rd8+ Kc7 42. Re8 Rh6 43. Bf7 Rf6 44. Bh5 Kd6 45. Rd8+ Kc7 46. Re8 Rf5 47. Bg4
Rf6 48. Bh5 1/2-1/2

[Event "Titled Tue 3rd Jun Early"]
[Site "chess.com INT"]
[Date "2025.06.03"]
[Round "8"]
[White "Kawka, Milena"]
[Black "Grodotzki, Kenneth"]
[Result "1-0"]
[WhiteTitle "WCM"]
[BlackTitle "CM"]
[WhiteElo "2004"]
[BlackElo "1984"]
[WhiteFideId "21095167"]
[BlackFideId "4648560"]
[EventDate "2025.06.03"]

1. e4 d6 2. d4 Nf6 3. Nc3 g6 4. g3 Bg7 5. Bg2 O-O 6. Nge2 c5 7. O-O cxd4 8. Nxd4
a6 9. a4 Qc7 10. Bg5 Nbd7 11. Qd2 Rb8 12. Nd5 Nxd5 13. exd5 Ne5 14. b3 Re8 15.
c4 Qb6 16. a5 Qc5 17. Be3 Qc7 18. h3 Nd7 19. Rfc1 Nc5 20. Rab1 e5 21. dxe6 fxe6
22. b4 Nd7 23. b5 e5 24. Bd5+ Kh8 25. Ne6 Rxe6 26. Bxe6 Nc5 27. Bxc8 Rxc8 28.
Bxc5 Qxc5 29. Qd5 Bf8 30. Qxb7 e4 31. Qd5 Bh6 32. Qxc5 Rxc5 33. b6 Rc8 34. Rd1 1-0

[Event "Titled Tue 3rd Jun Early"]
[Site "chess.com INT"]
[Date "2025.06.03"]
[Round "8"]
[White "Myagmarsuren, Evsuld"]
[Black "Montano Vicente, Guadalupe"]
[Result "1-0"]
[WhiteTitle "FM"]
[WhiteElo "2292"]
[BlackElo "1940"]
[WhiteFideId "1551639"]
[BlackFideId "5181399"]
[EventDate "2025.06.03"]

1. e3 Nf6 2. d3 e5 3. Ne2 d5 4. Nd2 c5 5. Nb3 Nc6 6. Ng3 Bd6 7. Bd2 O-O 8. Be2
Rb8 9. a4 b6 10. O-O a6 11. Re1 Be6 12. a5 b5 13. h3 c4 14. Nc1 e4 15. dxe4 dxe4
16. Nf1 Be5 17. c3 Nxa5 18. Qc2 Qb6 19. Na2 Nc6 20. Nb4 Nxb4 21. cxb4 Rfd8 22.
Bc3 Bxc3 23. bxc3 Rd3 24. Nd2 Rbd8 25. Bxd3 Rxd3 26. Ra2 Qd6 27. Nf1 h5 28. Rea1
Bc8 29. Ra3 g5 30. R3a2 Qe5 31. Rc1 g4 32. hxg4 Nxg4 33. Ng3 h4 34. Nf1 f5 35.
Qe2 f4 36. Rd2 fxe3 37. fxe3 Qg5 38. Rxd3 exd3 39. Qf3 Bf5 40. e4 Bg6 41. Ra1
Nf6 42. Rxa6 Nxe4 43. Ra7 d2 44. Ra8+ Kg7 45. Qf8+ Kh7 46. Qh8# 1-0

[Event "Titled Tue 3rd Jun Early"]
[Site "chess.com INT"]
[Date "2025.06.03"]
[Round "8"]
[White "Aarav Sinha"]
[Black "Dann, Matthias"]
[Result "1-0"]
[WhiteTitle "FM"]
[BlackTitle "IM"]
[WhiteElo "2255"]
[BlackElo "2446"]
[WhiteFideId "25674064"]
[BlackFideId "24638056"]
[EventDate "2025.06.03"]

1. e4 c5 2. Nf3 d6 3. Bb5+ Bd7 4. Bxd7+ Nxd7 5. O-O e6 6. b3 Be7 7. Bb2 Bf6 8.
c3 Ne7 9. d4 Nc6 10. d5 exd5 11. exd5 Ne7 12. Nbd2 O-O 13. Ne4 Nf5 14. Nxf6+
Qxf6 15. Qd2 Rfe8 16. c4 Qg6 17. Rfe1 b6 18. h3 h5 19. Qf4 Nh6 20. Nh4 Qc2 21.
Qxd6 Nf8 22. Be5 Rad8 23. Qc6 Nf5 24. Nxf5 Qxf5 25. Bc7 Rxe1+ 26. Rxe1 Rc8 27.
d6 Nd7 28. Re7 Qf4 29. g3 Qc1+ 30. Kg2 Nf6 31. d7 1-0

[Event "Titled Tue 3rd Jun Early"]
[Site "chess.com INT"]
[Date "2025.06.03"]
[Round "8"]
[White "Sovetbekova, Nurai"]
[Black "Fragkos, Vasileios"]
[Result "0-1"]
[WhiteTitle "WFM"]
[BlackTitle "CM"]
[WhiteElo "2007"]
[BlackElo "2176"]
[WhiteFideId "13801910"]
[BlackFideId "25832646"]
[EventDate "2025.06.03"]

1. d4 g6 2. e4 Bg7 3. c4 d6 4. Nc3 e5 5. d5 Nd7 6. Nf3 a5 7. Be3 Ne7 8. Be2 h6
9. Nd2 f5 10. f4 fxe4 11. Ndxe4 Nf5 12. Qd2 Nxe3 13. Qxe3 O-O 14. fxe5 Nxe5 15.
O-O-O Ng4 16. Bxg4 Bxg4 17. Rdf1 Qe7 18. Kc2 Bf5 19. h3 Bxc3 20. Kxc3 Qxe4 21.
Qxe4 Bxe4 22. Re1 Rae8 23. Rhg1 b6 24. Kd4 Bf5 25. g4 Bd7 26. Rgf1 Rxf1 27. Rxf1
Kg7 28. a3 a4 29. Rf3 Re2 30. b4 axb3 31. Rxb3 Rd2+ 32. Kc3 Rh2 33. Kb4 h5 34.
gxh5 gxh5 35. Rg3+ Kf6 36. Rf3+ Ke7 37. Re3+ Kd8 38. Rg3 Rxh3 39. Rg8+ Be8 40.
a4 h4 41. a5 bxa5+ 42. Kxa5 Rb3 43. Rh8 h3 44. Ka6 Ke7 45. Rh7+ Bf7 46. Ka5 Kf6
47. Ka4 Rg3 48. Kb4 Bg6 49. Rh8 Kg7 50. Rh4 Bf5 51. Kb5 Bd7+ 52. Kb4 Rg2 53. c5
h2 54. cxd6 cxd6 55. Ka5 Rb2 56. Ka6 Bf5 57. Ka7 Be4 58. Ka6 h1=Q 0-1